Bayerisches Unterbringungsgesetz: Praxiskommentar
| Autor principal: | |
|---|---|
| Tipo de documento: | Print Libro |
| Lenguaje: | Alemán |
| Publicado: |
Stuttgart Dresden [u.a.]
Boorberg
1994
|
| En: | Año: 1994 |
| Acceso en línea: |
Índice Índice Índice |
| Verificar disponibilidad: | HBZ Gateway |
| Servicio de pedido Subito: | Pedir ahora. |
| Palabras clave: |
MARC
| LEADER | 00000cam a2200000 c 4500 | ||
|---|---|---|---|
| 001 | 148645844 | ||
| 003 | DE-627 | ||
| 005 | 20260206192316.0 | ||
| 007 | tu | ||
| 008 | 940419s1994 gw ||||| 00| ||ger c | ||
| 015 | |a 94,N15,0251 |2 dnb | ||
| 015 | |a 94,N15,0251 |2 dnb | ||
| 016 | 7 | |a 940752220 |2 DE-101 | |
| 020 | |a 3415019403 |c : DM 42.00, sfr 52.00, S 328.00 (brosch.) |9 3-415-01940-3 | ||
| 035 | |a (DE-627)148645844 | ||
| 035 | |a (DE-603)028885872 | ||
| 035 | |a (DE-576)039882535 | ||
| 035 | |a (DE-599)GBV148645844 | ||
| 035 | |a (OCoLC)243780028 | ||
| 035 | |a (OCoLC)55803267 | ||
| 035 | |a (DE-604)8095241329 | ||
| 040 | |a DE-627 |b ger |c DE-627 |e rakwb | ||
| 041 | |a ger | ||
| 044 | |c XA-DE | ||
| 084 | |a 19 |a 20 |2 sdnb | ||
| 084 | |a PN 405 |2 rvk |0 (DE-625)rvk/137482: | ||
| 084 | |a PG 630 |2 rvk |0 (DE-625)rvk/135970: | ||
| 100 | 1 | |a Zimmermann, Walter |d 1941- |0 (DE-588)122641043 |0 (DE-627)082063974 |0 (DE-576)18774372X |4 aut | |
| 109 | |a Zimmermann, Walter 1941- |a Zimmermann, J. Walter 1941- |a Zimmermann, Josef Walter 1941- |a Zimmermann, Josef Walter Franz 1941- | ||
| 245 | 1 | 0 | |a Bayerisches Unterbringungsgesetz |b Praxiskommentar |c von Walter Zimmermann |
| 264 | 1 | |a Stuttgart |a Dresden [u.a.] |b Boorberg |c 1994 | |
| 300 | |a 240 S |c 17 cm |e Erg. Stand: 1. April 2000 (6 S.) | ||
| 336 | |a Text |b txt |2 rdacontent | ||
| 337 | |a ohne Hilfsmittel zu benutzen |b n |2 rdamedia | ||
| 338 | |a Band |b nc |2 rdacarrier | ||
| 500 | |a Beil. enth. Ergänzungen Stand: 1. April 2000 | ||
| 583 | 1 | |a Archivierung/Langzeitarchivierung gewährleistet |f PEBW |x XA-DE-BW |2 pdager |5 DE-24 | |
| 583 | 1 | |a Archivierung/Langzeitarchivierung gewährleistet |f PENI |x XA-DE-NI |2 pdager |5 DE-35 | |
| 583 | 1 | |a Archivierung prüfen |c 20240324 |f DE-4165 |z 2 |2 pdager | |
| 610 | 2 | 7 | |0 (DE-588)4341731-0 |0 (DE-627)153365218 |0 (DE-576)211427268 |a Bayern |t Unterbringungsgesetz |a DNB |2 gnd |
| 655 | 7 | |a Kommentar |0 (DE-588)4136710-8 |0 (DE-627)104500719 |0 (DE-576)209671467 |2 gnd-content | |
| 689 | 0 | 0 | |d u |0 (DE-588)4341731-0 |0 (DE-627)153365218 |0 (DE-576)211427268 |a Bayern |t Unterbringungsgesetz |2 gnd |
| 689 | 0 | |5 (DE-627) | |
| 856 | 4 | 2 | |u https://swbplus.bsz-bw.de/bsz039882535inh.htm |m V:DE-576 |v 2008-08-14 |3 Inhaltsverzeichnis |7 1 |
| 856 | 4 | 2 | |u http://www.gbv.de/dms/spk/sbb/toc/277627524.pdf |m V:DE-601 |m B:DE-1 |q pdf/application |x Verlag |y Inhaltsverzeichnis |3 Inhaltsverzeichnis |7 1 |
| 856 | 4 | 2 | |u https://scans.hebis.de/HEBCGI/show.pl?02888587_toc.pdf |m V:DE-576 |q application/pdf |3 Inhaltsverzeichnis |7 1 |
| 889 | |w (DE-627)277627524 | ||
| 935 | |i mdedup | ||
| 935 | |i Blocktest | ||
| 936 | r | v | |a PN 405 |b Unterbringungsrecht |k Rechtswissenschaft |k Verwaltungswissenschaften und Verwaltungsrecht |k Besonderes Verwaltungsrecht |k Recht der öffentlichen Sicherheit und Ordnung |k Sonderaufgaben der Polizei |k Unterbringungsrecht |0 (DE-627)1271301644 |0 (DE-625)rvk/137482: |0 (DE-576)201301644 |
| 936 | r | v | |a PG 630 |b Landesgesetze (z.B. PrFGG, AGFGG) |k Rechtswissenschaft |k Rechtspflege, Gerichtsverfassung, Zivilverfahrensrecht und Nebengebiete |k Freiwillige Gerichtsbarkeit (insbesondere auch Vertragshilfegesetz, gerichtl. Verf. in Landwirtschaftssachen, Hinterlegungsordnung, Beurkundungswesen, Personenstandswesen, Registerrecht) |k Landesgesetze (z.B. PrFGG, AGFGG) |0 (DE-627)1271252368 |0 (DE-625)rvk/135970: |0 (DE-576)201252368 |
| 936 | s | n | |a p100 |2 mzub |
| 936 | s | n | |a m100 |2 mzub |
| 951 | |a BO | ||
| ELC | |b 1 | ||
| LOK | |0 000 xxxxxcx a22 zn 4500 | ||
| LOK | |0 001 3249777978 | ||
| LOK | |0 003 DE-627 | ||
| LOK | |0 004 148645844 | ||
| LOK | |0 005 20151116135750 | ||
| LOK | |0 008 150728||||||||||||||||ger||||||| | ||
| LOK | |0 035 |a (DE-21-110)kd57294 | ||
| LOK | |0 040 |a DE-21-110 |c DE-627 |d DE-21-110 | ||
| LOK | |0 689 |a s |a Unterbringungsrecht | ||
| LOK | |0 852 |z Kein Bestand am IfK; Nachweis für KrimDok | ||
| LOK | |0 852 |a DE-21-110 | ||
| LOK | |0 852 1 |9 00 | ||
| LOK | |0 935 |a k110 | ||
| LOK | |0 939 |a 28-07-15 |b l01 | ||
| ORI | |a SA-MARC-krimdoka001.raw | ||
| TIM | |a 100019920101_100020181231 |b 1992 - 2018 | ||
